Pays qui utilisent l'euro - Mort subite - Statistiques

Statistiques générales
  • Ce quiz a été pris 210 653 fois
  • Le résultat moyen est 7 sur 20
Answers on the Grid
Answers color-coded by a green-red scale on the quiz's grid according to % correct below.
Allemagne
Autriche
Belgique
Chypre
Croatie
Danemark
Espagne
Estonie
Finlande
France
Grèce
Hongrie
Irlande
Islande
Italie
Lettonie
Liechtenstein
Lituanie
Luxembourg
Macédoine du Nord
Malte
Moldavie
Pays-Bas
Pologne
Portugal
Roumanie
Royaume-Uni
Serbie
Slovaquie
Slovénie
Suède
Suisse
Tchéquie
Turquie
Ukraine
 
Statistiques - réponses
Réponse % Correct
Allemagne
96%
Belgique
75%
France
72%
Italie
61%
Espagne
60%
Autriche
56%
Grèce
42%
Portugal
37%
Croatie
36%
Pays-Bas
35%
Luxembourg
32%
Malte
22%
Irlande
21%
Chypre
14%
Finlande
12%
Estonie
11%
Lettonie
9%
Lituanie
8%
Slovénie
7%
Slovaquie
6%
Aucun quiz correspondant
Distribution des résultats
% des personnes avec chaque résultat
Percentile par nombre de réponses
Votre historique - résultats
Vous n’avez pas pris ce quiz